000 00430 a2200133 4500
001 87650
082 _aPR 27
090 _c41108
_d41108
100 _aFaizan Kaleem Khan, SPC 061906, 69(B) EC
245 _aControls/Robotics experiments with LEGO mindstorms nxt robotics kit
260 _aRisalpur
_bCAE PAF Academy Risalpur
_c2010
300 _ax, 88p.
_eTauseef Ur Rehman, Sqn Ldr, Mansoor, Sqn Ldr
500 _aBE Project Reports
942 _aCAE NUST
_kPR 27
999 _c322723
_d322723